000 01290nam a2200349 i 4500
001 198209
003 ES-MaACL
005 20260526162456.0
007 ta
008 260408s2009 mx a|||| |||| 001 0 spa d
020 _a978-607-462-030-6
040 _aES-MaACL
_bspa
_cES-MaACL
_erda
044 _amx
080 _a929-054.74(=1:460:720)"1939/75"
100 1 _aLida, Clara E.,
_81941-
_4aut
_eaut
_9243134
245 1 0 _aCaleidoscopio del exilio :
_bactores, memoria, identidades /
_cClara E. Lida
250 _aPrimera edición, 2009
264 _aMéxico D.F. :
_bEl Colegio de México,
_c2009
300 _a180 páginas :
_bgráficas (blanco y negro) ;
_c22 cm
336 _2rdacontent
_aTexto
337 _2rdamedia
_asin mediación
338 _2rdacarrier
_avolumen
490 0 _aCentro de Estudios Históricos
500 _aRegistro provisional
500 _aDedicatoria "Para Manolo Guedán, con la amistad y afecto de Clara E. Lida" (portada)
504 _aBibliografía: páginas 167-180. Índice
650 0 _aExiliados españoles-
_zMéxico-
_y1939-1975
_9237679
852 _aES-MaACL
_cDES
_jDB-104
_hDonación: Manuel Guedán
_xEncuadernación rústica con solapas
942 _cMONOGRAFIA
_n0
999 _c198209
_d198209